50 Key Concepts in Gender Studies (Record no. 1848523)
[ view plain ]
| 000 -LEADER | |
|---|---|
| fixed length control field | 00551nam a22002057a 4500 |
| 005 - DATE AND TIME OF LATEST TRANSACTION | |
| control field | 20260424140611.0 |
| 008 - FIXED-LENGTH DATA ELEMENTS--GENERAL INFORMATION | |
| fixed length control field | 260424b |||||||| |||| 00| 0 eng d |
| 037 ## - SOURCE OF ACQUISITION | |
| Terms of availability | DSWL |
| 040 ## - CATALOGING SOURCE | |
| Original cataloging agency | DSWL |
| Transcribing agency | DSWL |
| 041 ## - LANGUAGE CODE | |
| Language code of original | eng |
| 100 ## - MAIN ENTRY--PERSONAL NAME | |
| Personal name | Pilcher, Jane |
| 9 (RLIN) | 1235686 |
| 245 ## - TITLE STATEMENT | |
| Title | 50 Key Concepts in Gender Studies |
| 250 ## - EDITION STATEMENT | |
| Edition statement | 2nd |
| 260 ## - PUBLICATION, DISTRIBUTION, ETC. | |
| Place of publication, distribution, etc. | New Delhi, |
| Name of publisher, distributor, etc. | Sage Publication, |
| Date of publication, distribution, etc. | 2017 |
| 300 ## - PHYSICAL DESCRIPTION | |
| Extent | 194p |
| 365 ## - TRADE PRICE | |
| Price type code | GBP |
| Price amount | 21.99 |
| 700 ## - ADDED ENTRY--PERSONAL NAME | |
| Personal name | Imelda Whelehan |
| 9 (RLIN) | 1120431 |
| 942 ## - ADDED ENTRY ELEMENTS (KOHA) | |
| Source of classification or shelving scheme | Colon Classification (CC) |
| Koha item type | Textual |
| Suppress in OPAC | No |
| Withdrawn status | Lost status | Source of classification or shelving scheme | Damaged status | Not for loan | Home library | Current library | Date acquired | Source of acquisition | Total Checkouts | Barcode | Date last seen | Price effective from | Koha item type |
|---|---|---|---|---|---|---|---|---|---|---|---|---|---|
| Colon Classification (CC) | Department of Social Work Library | Department of Social Work Library | 2026-04-24 | Better Book Service | SW0032428 | 2026-04-24 | 2026-04-24 | Textual |
